00643nam a2200217 a 45000010005000000030009000050080041000140400028000550820016000831000022000992450067001212500007001882600031001953000014002264900068002406500027003086500013003356500026003486500039003746500012004136711CO-ViMGA141112s2004 ck r 000 u spa d aCO-ViMGAbspacCO-ViMGA a631.57 C8571 aBerlijn, Johan D.10aCultivos básicos : bbasado en el trabajo de johan D berlijn a2a aMexico : bTrillas, c1990 a72 p : il aManuales para educación agropecuaria. Producción vegetal, 814aCEREALES COMO ALIMENTO14aCOSECHAS14aCULTIVOS DE COBERTURA14aCULTIVOSDE TRANSICION - MORFOLOGIA14aSIEMBRA